书目信息 |
| 题名: |
概率论与数理统计
|
|
| 作者: | 叶鹰 编著 | |
| 分册: | ||
| 出版信息: | 武汉 华中理工大学出版社 1999.09 |
|
| 页数: | 318页 | |
| 开本: | 32开 | |
| 丛书名: | ||
| 单 册: | ||
| 中图分类: | O21 | |
| 科图分类: | ||
| 主题词: | 概率论 , 数理统计 | |
| 电子资源: | ||
| ISBN: | 7-5609-2073-X | |
| 000 | 00575nam0 2200205 45 | |
| 001 | 1009090027 | |
| 005 | 20100909002831.6 | |
| 010 | @a7-5609-2073-X@d12.50元 | |
| 100 | @a20100909d1999 km y0chiy0120 ea | |
| 101 | 0 | @achi |
| 105 | @a z 000yy | |
| 200 | 1 | @a概率论与数理统计@AGai Lu Lun Yu Shu Li Tong Ji@f叶鹰等编著@FYe Ying Deng Bian Zhu |
| 210 | @a武汉@c华中理工大学出版社@d1999.09 | |
| 215 | @a318页@d32开 | |
| 606 | 0 | @a概率论 |
| 606 | 0 | @a数理统计 |
| 690 | @aO21@v3 | |
| 701 | 0 | @a叶鹰@4编著 |
| 801 | @aCN@bPftUser@c20100909 | |
| 905 | @b134557-566@dO21@eL.535@f10 | |
| 概率论与数理统计/叶鹰等编著.-武汉:华中理工大学出版社,1999.09 |
| 318页;32开 |
| ISBN 7-5609-2073-X:12.50元 |
| ● |
| 相关链接 |
|
|
|
正题名:概率论与数理统计
索取号:O21/L.535
 
预约/预借
| 序号 | 登录号 | 条形码 | 馆藏地/架位号 | 状态 | 备注 |
| 1 | 134557 | 201345570 | 自科二线504/504自科库 25排2列6层/ [索取号:O21/L.535] | 在馆 | |
| 2 | 134558 | 201345589 | 数理学院资料室/ [索取号:O21/L.535] | 在馆 | |
| 3 | 134559 | 201345598 | 自科二线504/504自科库 49排6列6层/ [索取号:O21/L.535] | 在馆 | |
| 4 | 134560 | 201345605 | 自科二线504/504自科库 25排2列6层/ [索取号:O21/L.535] | 在馆 | |
| 5 | 134561 | 201345614 | 自科二线504/504自科库 25排2列6层/ [索取号:O21/L.535] | 在馆 | |
| 6 | 134562 | 201345623 | 自科二线504/504自科库 49排6列3层/ [索取号:O21/L.535] | 在馆 | |
| 7 | 134563 | 201345632 | 自科二线504/504自科库 49排6列3层/ [索取号:O21/L.535] | 在馆 | |
| 8 | 134564 | 201345641 | 自科二线504/504自科库 25排2列6层/ [索取号:O21/L.535] | 在馆 | |
| 9 | 134565 | 201345650 | 自科二线504/504自科库 49排6列3层/ [索取号:O21/L.535] | 在馆 | |
| 10 | 134566 | 201345669 | 自科二线504/504自科库 25排1列3层/ [索取号:O21/L.535] | 在馆 |